Mental Health Manual (Record no. 9407)

MARC details
000 -LEADER
fixed length control field 00383nam a22001457a 4500
005 - DATE AND TIME OF LATEST TRANSACTION
control field 20230302155306.0
008 - FIXED-LENGTH DATA ELEMENTS--GENERAL INFORMATION
fixed length control field 230302b |||||||| |||| 00| 0 eng d
040 ## - CATALOGING SOURCE
Transcribing agency ##$aRTC$cRTC
082 ## - DEWEY DECIMAL CLASSIFICATION NUMBER
Classification number 613.042
100 ## - MAIN ENTRY--PERSONAL NAME
Personal name Ministry of Health
245 ## - TITLE STATEMENT
Title Mental Health Manual
Remainder of title "Mental Health for Gross National Happiness"
260 ## - PUBLICATION, DISTRIBUTION, ETC.
Date of publication, distribution, etc. 2010
300 ## - PHYSICAL DESCRIPTION
Extent 134 p.
Dimensions 30 cm
942 ## - ADDED ENTRY ELEMENTS (KOHA)
Source of classification or shelving scheme Dewey Decimal Classification
Koha item type Main
Holdings
Withdrawn status Lost status Source of classification or shelving scheme Damaged status Not for loan Collection code Home library Current library Shelving location Date acquired Serial Enumeration / chronology Full call number Barcode Date last seen Price effective from Koha item type Total Checkouts Total Renewals Checked out Date last checked out
  Missing Dewey Decimal Classification     Main TEST RTC Library RTC Library Main opac 02/03/2023 177200 613.042 MOH c.1 30018590 02/03/2023 02/03/2023 Main        
  Missing Dewey Decimal Classification     Main TEST RTC Library RTC Library Main opac 02/03/2023 177201 613.042 MOH c.2 30018610 02/03/2023 02/03/2023 Main        
  Missing Dewey Decimal Classification     Main TEST RTC Library RTC Library Main opac 02/03/2023 177202 613.042 MOH c.3 30018591 02/03/2023 02/03/2023 Main        
  Missing Dewey Decimal Classification     Main TEST RTC Library RTC Library Main opac 02/03/2023 177203 613.042 MOH c.4 30018611 02/03/2023 02/03/2023 Main        
  Missing Dewey Decimal Classification     Main TEST RTC Library RTC Library Main opac 02/03/2023 177204 613.042 MOH c.5 30018572 02/03/2023 02/03/2023 Main        
  Missing Dewey Decimal Classification     Main TEST RTC Library RTC Library Main opac 02/03/2023 177205 613.042 MOH c.6 30018571 02/03/2023 02/03/2023 Main        
    Dewey Decimal Classification     Main TEST RTC Library RTC Library Main opac 02/03/2023 177206 613.042 MOH c.7 30018793 16/03/2026 02/03/2023 Main 3 2 08/06/2026 16/03/2026
  Missing Dewey Decimal Classification     Main TEST RTC Library RTC Library Main opac 02/03/2023 177207 613.042 MOH c.8 30018773 02/03/2023 02/03/2023 Main        
  Missing Dewey Decimal Classification     Main TEST RTC Library RTC Library Main opac 02/03/2023 177208 613.042 MOH c.9 30018813 02/03/2023 02/03/2023 Main        
  Missing Dewey Decimal Classification     Main TEST RTC Library RTC Library Main opac 02/03/2023 177209 613.042 MOH c.10 30018570 02/03/2023 02/03/2023 Main        
Royal Thimphu College || All Right Reserved